[Event "Rostov Women GP"]
[Site "Rostov-on-Don RUS"]
[Date "2011.08.02"]
[Round "1"]
[White "Kosteniuk,A"]
[Black "Kosintseva,T"]
[Result "1/2-1/2"]
[WhiteElo "2497"]
[BlackElo "2557"]
[EventDate "2011.08.01"]

1. e4 e5 2. Nf3 Nc6 3. Bb5 a6 4. Ba4 Nf6 5. O-O b5 6. Bb3 Bc5 7. a4 Rb8 8.
c3 d6 9. d4 Bb6 10. axb5 axb5 11. Na3 O-O 12. Nxb5 Bg4 13. Ra3 Bxf3 14.
gxf3 Nh5 15. Kh1 Qf6 16. Rg1 Nf4 17. Be3 Nd8 18. Ra6 Nde6 19. Bc4 Rfd8 20.
b4 d5 21. exd5 Nxd5 22. Bxd5 Rxd5 23. c4 Rxb5 24. cxb5 exd4 25. Bc1 Qf5 26.
Qe2 Rd8 27. Qe4 Qxe4 28. fxe4 f6 29. Rd1 g5 30. Kg2 Kf7 31. Ra3 Re8 32. h4
h6 33. f4 Nxf4+ 34. Bxf4 gxf4 35. Kf3 Re5 36. Kxf4 Rxb5 37. Ra4 Rh5 38. Kg4
Re5 39. Kf3 Rh5 40. Kg4 Re5 41. Kf3 Rh5 42. Kg4 1/2-1/2

[Event "Rostov Women GP"]
[Site "Rostov-on-Don RUS"]
[Date "2011.08.02"]
[Round "1"]
[White "Galliamova,A"]
[Black "Lahno,Kateri"]
[Result "0-1"]
[WhiteElo "2492"]
[BlackElo "2536"]
[EventDate "2011.08.01"]

1. d4 Nf6 2. c4 g6 3. Nc3 d5 4. Nf3 Bg7 5. Qa4+ Bd7 6. Qb3 dxc4 7. Qxc4 O-O
8. Bf4 Na6 9. e4 c5 10. e5 Be6 11. exf6 Bxc4 12. fxg7 Kxg7 13. Bxc4 cxd4
14. Be5+ f6 15. Bxd4 e5 16. Be3 Nb4 17. O-O Nc2 18. Rad1 Qc7 19. Bb3 Nxe3
20. fxe3 Rac8 21. Rf2 Qc5 22. Nd5 a5 23. a4 Rfd8 24. Ne1 f5 25. Nf3 b5 26.
Nxe5 bxa4 27. Ba2 a3 28. g4 axb2 29. gxf5 Qc1 30. f6+ Kf8 31. Rfd2 Qxd1+
32. Rxd1 Rc1 33. Kg2 Rxd1 34. Nf4 R1d6 35. Nfxg6+ hxg6 36. Nxg6+ Ke8 37.
f7+ Kd7 38. Ne5+ Ke7 39. h4 Rb6 40. h5 b1=Q 41. Bxb1 Rd2+ 0-1

[Event "Rostov Women GP"]
[Site "Rostov-on-Don RUS"]
[Date "2011.08.02"]
[Round "1"]
[White "Koneru,H"]
[Black "Hou Yifan"]
[Result "0-1"]
[WhiteElo "2614"]
[BlackElo "2575"]
[EventDate "2011.08.01"]

1. d4 e6 2. c4 Nf6 3. Nc3 Bb4 4. e3 O-O 5. Nge2 d5 6. a3 Be7 7. cxd5 exd5
8. Nf4 c6 9. Bd3 a5 10. O-O Na6 11. Bc2 Nc7 12. f3 c5 13. Na4 Na6 14. Nc3
Nc7 15. Qe2 b5 16. dxc5 Bxc5 17. Rd1 Ba6 18. Qf2 Bb7 19. Bd2 Re8 20. Nce2
Ne6 21. Nd3 Bb6 22. Nd4 Rc8 23. Bc3 Ba6 24. Kh1 Rc4 25. Bb3 Rc7 26. Rac1 b4
27. Nxe6 Rxe6 28. Bxf6 Rxf6 29. Rxc7 Bxc7 30. axb4 axb4 31. f4 Bc4 32. Qc2
Bxb3 33. Qxb3 Rb6 34. Nc5 h6 35. Rxd5 Qh4 36. h3 Qe1+ 37. Kh2 Rg6 38. Qc2
Qxe3 39. Nd3 Bb6 40. Nc5 Qxf4+ 41. Kh1 Qf1+ 0-1

[Event "Rostov Women GP"]
[Site "Rostov-on-Don RUS"]
[Date "2011.08.02"]
[Round "1"]
[White "Muzychuk,A"]
[Black "Kovalevskaya,E"]
[Result "1/2-1/2"]
[WhiteElo "2538"]
[BlackElo "2427"]
[EventDate "2011.08.01"]

1. e4 c5 2. Nf3 d6 3. d4 cxd4 4. Nxd4 Nf6 5. Nc3 Nc6 6. Bg5 Bd7 7. Qd2 Rc8
8. f4 Nxd4 9. Qxd4 Qa5 10. e5 dxe5 11. fxe5 e6 12. O-O-O Bc6 13. Bb5 Nd5
14. Bxc6+ bxc6 15. a3 Qb6 16. Ne4 Qxd4 17. Rxd4 Be7 18. c4 c5 19. Rd3 Bxg5+
20. Nxg5 Nf4 21. Rd2 Ng6 22. Re1 h6 23. Nf3 Ke7 24. Kc2 Rhd8 25. Rxd8 Rxd8
26. b4 f6 27. exf6+ gxf6 28. g3 e5 29. Kc3 Nf8 30. Nd2 Ne6 31. Nb3 Rc8 32.
Rd1 Rd8 33. Re1 h5 34. Re4 Kf7 35. Nxc5 Nxc5 36. bxc5 Rb8 37. c6 Ke6 38.
Rh4 Rc8 39. Rxh5 Rxc6 40. Rh8 Ra6 41. Kb4 Rb6+ 42. Kc5 Ra6 43. Rd8 Rxa3 44.
Kc6 Ke7 45. Rd7+ Ke6 46. Rd6+ Ke7 47. c5 e4 48. Rd4 f5 49. g4 Kf6 50. Rd6+
Kg5 51. gxf5 Kxf5 52. Rd8 Rh3 53. Re8 Rxh2 54. Kb7 Kf4 55. c6 Rb2+ 56. Kxa7
Rc2 57. Kb7 e3 58. c7 Kf3 59. c8=Q Rxc8 60. Kxc8 e2 61. Rxe2 1/2-1/2

[Event "Rostov Women GP"]
[Site "Rostov-on-Don RUS"]
[Date "2011.08.02"]
[Round "1"]
[White "Kosintseva,N"]
[Black "Danielian,E"]
[Result "1/2-1/2"]
[WhiteElo "2560"]
[BlackElo "2521"]
[EventDate "2011.08.01"]

1. e4 c6 2. d4 d5 3. e5 Bf5 4. Nd2 e6 5. Nb3 Nd7 6. Nf3 Ne7 7. Be2 Nc8 8.
O-O Be7 9. Ne1 O-O 10. Bd3 Bxd3 11. Nxd3 b6 12. Qg4 Kh8 13. c3 c5 14. Nf4
a5 15. Nd2 Bg5 16. Nf3 Bxf4 17. Qxf4 Ne7 18. Re1 Rc8 19. Bd2 Kg8 20. Rad1
Nf5 21. c4 cxd4 22. cxd5 Nc5 23. d6 Nd3 24. Qe4 Nxe1 25. Rxe1 Rc5 26. h3 f6
27. g4 fxe5 28. gxf5 exf5 29. Qe2 e4 30. Nxd4 Qxd6 31. Bc3 Qh6 32. Qe3 f4
33. Qxe4 Qxh3 34. Qe6+ Qxe6 35. Nxe6 Rxc3 36. bxc3 Rc8 37. Nxf4 Rxc3 38.
Rb1 Ra3 39. Rxb6 Rxa2 40. Rb7 Ra4 41. Ne6 Rg4+ 42. Kh2 Rg6 43. Nc5 Rf6 44.
Kg2 Rg6+ 45. Kf3 Rf6+ 46. Ke3 Rf7 47. Rb8+ Rf8 48. Rb3 Ra8 49. Ra3 g5 50.
Ra4 Kg7 51. Nb3 Rb8 52. Nxa5 Ra8 53. Ra3 Kg6 54. Nc4 Rxa3+ 55. Nxa3 Kf5 56.
Nc4 g4 57. Nd6+ Ke5 58. Nc4+ Kf5 59. Ke2 Kf4 60. Ne3 h5 61. Ng2+ Kg5 62.
Kf1 h4 63. Ne1 Kf4 64. Kg2 Ke4 65. Nc2 Kf4 66. Nd4 Ke4 67. Ne6 Ke5 68. Nc5
Kf4 69. Nd3+ Ke4 70. Ne1 Kf4 71. Kg1 g3 72. Nd3+ Kf3 73. Ne1+ Kf4 74. Ng2+
Kg4 75. Nxh4 gxf2+ 76. Kxf2 Kxh4 1/2-1/2

[Event "Rostov Women GP"]
[Site "Rostov-on-Don RUS"]
[Date "2011.08.03"]
[Round "2"]
[White "Hou Yifan"]
[Black "Galliamova,A"]
[Result "1-0"]
[WhiteElo "2575"]
[BlackElo "2492"]
[EventDate "2011.08.01"]

1. e4 c5 2. Nf3 e6 3. d4 cxd4 4. Nxd4 a6 5. Nc3 d6 6. Be2 b5 7. a3 Bb7 8.
f4 Nf6 9. Bf3 d5 10. exd5 Nxd5 11. Nxd5 Bxd5 12. Be3 Qd7 13. Qe2 Nc6 14.
O-O-O Rc8 15. f5 Nxd4 16. Bxd4 Bxf3 17. gxf3 Qc6 18. Rhe1 Qc4 19. fxe6 Qxe2
20. Rxe2 Ke7 21. exf7+ Kxf7 22. Bb6 h5 23. Rd7+ Kg8 24. Bd4 h4 25. h3 Rh6
26. Rg2 g6 27. Be3 Rc6 28. Bxh6 Bxh6+ 29. Kd1 Bf4 30. Re2 Kf8 31. Ree7 g5
32. c3 Rf6 33. Ke2 Bc1 34. Rh7 Kg8 35. Rdg7+ Kf8 36. Ra7 1-0

[Event "Rostov Women GP"]
[Site "Rostov-on-Don RUS"]
[Date "2011.08.03"]
[Round "2"]
[White "Kovalevskaya,E"]
[Black "Kosintseva,N"]
[Result "0-1"]
[WhiteElo "2427"]
[BlackElo "2560"]
[EventDate "2011.08.01"]

1. c4 Nf6 2. Nf3 e6 3. Nc3 d5 4. e3 Be7 5. d4 O-O 6. Qc2 c5 7. dxc5 Na6 8.
cxd5 Nb4 9. Qb1 Nbxd5 10. Nxd5 Qxd5 11. Be2 Qxc5 12. a3 Bd7 13. b4 Qb6 14.
Bb2 Bb5 15. Ng5 Rfd8 16. Bxf6 Bxf6 17. Qxh7+ Kf8 18. Qh5 Bc3+ 19. Kf1 Bxe2+
20. Kxe2 Qb5+ 21. Kf3 Qf5+ 22. Kg3 Bxa1 23. Rxa1 g6 24. Qh6+ Ke7 25. Nf3
Rh8 26. Qg7 Qf6 27. Qxf6+ Kxf6 28. h4 Rac8 29. Ng5 Ke7 30. f4 Rc3 31. Kf3
Rxh4 32. Ne4 Rc7 33. b5 Rh8 34. a4 Rc4 35. a5 Rb4 36. Rc1 Rd8 37. Rc5 b6
38. Rc6 Rxb5 39. g4 Rb3 40. Kg2 0-1

[Event "Rostov Women GP"]
[Site "Rostov-on-Don RUS"]
[Date "2011.08.03"]
[Round "2"]
[White "Kosintseva,T"]
[Black "Muzychuk,A"]
[Result "1/2-1/2"]
[WhiteElo "2557"]
[BlackElo "2538"]
[EventDate "2011.08.01"]

1. e4 c5 2. Nf3 Nc6 3. d4 cxd4 4. Nxd4 g6 5. Nc3 Bg7 6. Be3 Nf6 7. Bc4 O-O
8. Bb3 a5 9. O-O a4 10. Nxa4 Nxe4 11. Nb5 d5 12. Bb6 Qd7 13. Nc7 Rxa4 14.
Bxa4 Bxb2 15. Qxd5 Bxa1 16. Qxe4 Bb2 17. c4 Qd6 18. c5 Qe5 19. Bxc6 bxc6
20. Qxc6 Bf5 21. Qd5 Qf4 22. Qf3 Qe5 23. Qd5 Qf4 24. Qf3 Qe5 25. a4 Be4 26.
Qe2 Bc6 27. Qxe5 Bxe5 28. Re1 Bxc7 29. Bxc7 Bxa4 30. Rxe7 Re8 31. Rxe8+
Bxe8 32. f4 f5 33. Kf2 Kf7 34. Ke3 Bc6 35. g3 Ke6 36. Kd4 h5 37. Kc4 Kd7
38. Bd6 Ke6 39. Kb4 Kd7 40. Kc4 Ke6 41. Kb4 Kd7 42. Kc4 1/2-1/2

[Event "Rostov Women GP"]
[Site "Rostov-on-Don RUS"]
[Date "2011.08.03"]
[Round "2"]
[White "Lahno,Kateri"]
[Black "Kosteniuk,A"]
[Result "1/2-1/2"]
[WhiteElo "2536"]
[BlackElo "2497"]
[EventDate "2011.08.01"]

1. c4 Nf6 2. Nf3 e6 3. g3 b6 4. Bg2 Bb7 5. O-O Be7 6. Nc3 O-O 7. d4 d5 8.
Bf4 c5 9. cxd5 exd5 10. Re1 Nc6 11. dxc5 bxc5 12. Ne5 Nd4 13. Nc4 Bc6 14.
Ne3 Qb6 15. Rb1 Rad8 16. Bg5 Qb7 17. b4 Nb5 18. Nxb5 Qxb5 19. Nf5 Rfe8 20.
bxc5 Qxc5 21. Rc1 Qb6 22. Nxe7+ Rxe7 23. Bxf6 gxf6 24. e3 Bd7 25. Qxd5 Be6
26. Qe4 Rc7 27. Rb1 Qa5 28. Qh4 Kg7 29. Bh3 Bxa2 30. Ra1 Rd2 31. Qf4 Qe5
32. Bf5 Qxf4 33. exf4 a5 34. Bb1 Bxb1 35. Rexb1 Rcc2 36. Rxa5 Rxf2 37. Rh5
Kg6 38. Rh4 h5 39. Rf1 Rg2+ 40. Kh1 f5 41. Rd1 Rge2 42. Rd6+ f6 43. Rd1 Rb2
44. Kg1 Rg2+ 45. Kh1 Rge2 46. Kg1 Rg2+ 47. Kh1 Rge2 1/2-1/2

[Event "Rostov Women GP"]
[Site "Rostov-on-Don RUS"]
[Date "2011.08.03"]
[Round "2"]
[White "Ruan Lufei"]
[Black "Danielian,E"]
[Result "1-0"]
[WhiteElo "2479"]
[BlackElo "2521"]
[EventDate "2011.08.01"]

1. e4 e6 2. d4 d5 3. Nc3 Nf6 4. e5 Nfd7 5. f4 c5 6. Nf3 Nc6 7. Be3 a6 8.
Qd2 b5 9. dxc5 Bxc5 10. Bd3 Bb7 11. Bf2 Qb6 12. O-O Bxf2+ 13. Qxf2 Qxf2+
14. Kxf2 Ke7 15. Rae1 Nc5 16. Ke3 Rac8 17. Rf2 Rhd8 18. Nd4 Nxd4 19. Kxd4
b4 20. Ne2 a5 21. Ke3 g6 22. Nd4 Ba6 23. g4 Bxd3 24. cxd3 Nd7 25. Kd2 Rg8
26. h3 h5 27. Rh2 Nb8 28. Rhh1 hxg4 29. hxg4 Nc6 30. Nf3 Rh8 31. Rc1 Rxh1
32. Rxh1 a4 33. Ke3 Kd7 34. Rh7 Ke7 35. Rh1 Kd7 36. Kd2 Ke7 37. Rh7 Nd8 38.
Rh8 Rc7 39. Nd4 Rc5 40. Rg8 Nc6 41. Nxc6+ Rxc6 42. Rb8 b3 43. axb3 axb3 44.
Rxb3 g5 45. fxg5 d4 46. Rb5 Kf8 47. b4 Kg7 48. Rc5 Rb6 49. b5 Kg6 50. Kc2
Kxg5 51. Kb3 Kxg4 52. Kc4 Kf5 53. Kxd4 Rb8 54. Kc4 Rb7 55. Kb4 f6 56. exf6+
Kxf6 57. Ka5 Rd7 58. b6 e5 59. Rc3 Ke6 60. Ka6 Rd6 61. Ka7 Rd4 62. Ra3 Rd7+
63. b7 Kd5 1-0

[Event "Rostov Women GP"]
[Site "Rostov-on-Don RUS"]
[Date "2011.08.04"]
[Round "3"]
[White "Danielian,E"]
[Black "Kovalevskaya,E"]
[Result "1-0"]
[WhiteElo "2521"]
[BlackElo "2427"]
[EventDate "2011.08.01"]

1. d4 d5 2. Nf3 e6 3. c4 c5 4. Nc3 Nc6 5. e3 Nf6 6. a3 a6 7. dxc5 Bxc5 8.
b4 Be7 9. cxd5 exd5 10. Bb2 O-O 11. Be2 Be6 12. O-O Ne4 13. Qc2 Rc8 14.
Rac1 Nxc3 15. Qxc3 Bf6 16. Qd2 Qe7 17. Rc5 Bxb2 18. Qxb2 a5 19. Rfc1 axb4
20. axb4 Qd6 21. Nd4 Nxd4 22. Qxd4 Rxc5 23. bxc5 Qc6 24. Qb2 Rc8 25. Bb5
Qc7 26. Bd3 h6 27. h3 Qe7 28. Qd4 Rc6 29. Rc2 Rc7 30. Kh2 Qd7 31. Qe5 Rc8
32. f4 g6 33. Qd4 Bf5 34. Bxf5 Qxf5 35. Rb2 Rc7 36. Rb6 Kh7 37. Rd6 Rd7 38.
Rxd7 Qxd7 39. e4 1-0

[Event "Rostov Women GP"]
[Site "Rostov-on-Don RUS"]
[Date "2011.08.04"]
[Round "3"]
[White "Koneru,H"]
[Black "Ruan Lufei"]
[Result "1-0"]
[WhiteElo "2614"]
[BlackElo "2479"]
[EventDate "2011.08.01"]

1. Nf3 d5 2. c4 c6 3. e3 Nf6 4. Nc3 e6 5. b3 Nbd7 6. Bb2 Bd6 7. Be2 Qe7 8.
Qc2 O-O 9. O-O Ba3 10. Bxa3 Qxa3 11. d4 Qe7 12. e4 dxe4 13. Nxe4 c5 14.
Rad1 cxd4 15. Nxd4 Nxe4 16. Qxe4 Qc5 17. Nb5 Nf6 18. Qe3 Qxe3 19. fxe3 Bd7
20. Nd6 b6 21. Bf3 Rab8 22. Rd2 Rfd8 23. b4 Kf8 24. c5 bxc5 25. bxc5 Ke7
26. Rc1 Be8 27. e4 Bc6 28. e5 Nd5 29. Be4 f6 30. exf6+ gxf6 31. Re1 Kd7 32.
Bxh7 Rb4 33. Bg6 Rdb8 34. Bf7 Nf4 35. Bxe6+ Nxe6 36. Nf5+ Kc7 37. Rxe6 Rb1+
38. Kf2 R8b2 39. Re7+ Kb8 40. Ree2 Rxd2 41. Rxd2 Rc1 42. Nd4 Rxc5 43. Nxc6+
Rxc6 44. Kg3 a5 45. h4 a4 46. Rd4 Rc3+ 47. Kh2 a3 48. h5 f5 49. h6 1-0

[Event "Rostov Women GP"]
[Site "Rostov-on-Don RUS"]
[Date "2011.08.04"]
[Round "3"]
[White "Muzychuk,A"]
[Black "Lahno,Kateri"]
[Result "1-0"]
[WhiteElo "2538"]
[BlackElo "2536"]
[EventDate "2011.08.01"]

1. e4 e5 2. Nf3 Nc6 3. d4 exd4 4. Nxd4 Bc5 5. Nb3 Bb6 6. Nc3 Nf6 7. Qe2 d6
8. Be3 O-O 9. O-O-O Bxe3+ 10. Qxe3 a6 11. f3 b5 12. g4 b4 13. Ne2 Re8 14.
g5 Nd7 15. Ng3 a5 16. Bb5 Bb7 17. Bxc6 Bxc6 18. Nd4 Bb7 19. Ndf5 g6 20.
Nh6+ Kf8 21. f4 Qe7 22. Qd4 Qe6 23. Kb1 Nb6 24. Rhf1 Ke7 25. f5 Qe5 26.
Qxe5+ dxe5 27. fxg6 fxg6 28. Rf7+ 1-0

[Event "Rostov Women GP"]
[Site "Rostov-on-Don RUS"]
[Date "2011.08.04"]
[Round "3"]
[White "Kosteniuk,A"]
[Black "Hou Yifan"]
[Result "0-1"]
[WhiteElo "2497"]
[BlackElo "2575"]
[EventDate "2011.08.01"]

1. d4 Nf6 2. c4 e6 3. Nf3 d5 4. Nc3 Bb4 5. cxd5 exd5 6. Bg5 h6 7. Bh4 c5 8.
e3 c4 9. Nd2 g5 10. Bg3 Bf5 11. Be2 Nc6 12. h4 Rg8 13. hxg5 hxg5 14. Rc1
Qe7 15. O-O Bxc3 16. Rxc3 b5 17. a4 a6 18. Qa1 b4 19. Rcc1 Ne4 20. Nxe4
Bxe4 21. a5 g4 22. Qa4 Qe6 23. Rfd1 Rc8 24. Bf4 Qf5 25. Kf1 Qh5 26. Ke1
Bxg2 27. Bd6 Bf3 28. Bxf3 gxf3 29. Bxb4 Qh4 30. b3 Rg2 31. Rc2 Rg1+ 32. Kd2
Qxf2+ 33. Kc1 Qxe3+ 34. Bd2 Rxd1+ 35. Kxd1 Qe2+ 0-1

[Event "Rostov Women GP"]
[Site "Rostov-on-Don RUS"]
[Date "2011.08.05"]
[Round "4"]
[White "Kosintseva,T"]
[Black "Danielian,E"]
[Result "1/2-1/2"]
[WhiteElo "2557"]
[BlackElo "2521"]
[EventDate "2011.08.01"]

1. e4 c6 2. d4 d5 3. e5 Bf5 4. Be3 e6 5. Nd2 Nd7 6. Ngf3 Bg6 7. Be2 Nh6 8.
Bxh6 gxh6 9. O-O Bg7 10. Ne1 Qb6 11. Nb3 c5 12. dxc5 Nxc5 13. Nxc5 Qxc5 14.
Nd3 Qc7 15. f4 Rc8 16. c3 O-O 17. Nf2 Qb6 18. Qd2 Rfd8 19. Rac1 Bf8 20. Bd3
Bc5 21. f5 Be3 22. Qe2 exf5 23. Rce1 f4 24. Bxg6 hxg6 25. Kh1 d4 26. cxd4
Rxd4 27. Ng4 Rd2 28. Qf3 Qe6 29. Nxe3 fxe3 30. Qxe3 Rcc2 31. Qe4 Kg7 32.
Qxb7 Rxb2 33. Qf3 Rxa2 34. Qf6+ Qxf6 35. exf6+ Kh7 36. Re7 Rxg2 37. Rxf7+
Kg8 38. Rg7+ Kf8 39. Rb1 Rxh2+ 40. Kg1 Rhg2+ 41. Kh1 Rh2+ 42. Kg1 Rag2+ 43.
Kf1 Rb2 44. Rxb2 Rxb2 45. Rxg6 Rh2 46. Rg7 Ra2 47. Rh7 a5 48. Rxh6 Kf7 49.
Ke1 Rb2 50. Kd1 a4 51. Kc1 Rb4 52. Kc2 a3 53. Rh7+ Kxf6 54. Ra7 Rb2+ 55.
Kc3 Rh2 56. Rxa3 Rh3+ 57. Kb4 Rxa3 58. Kxa3 1/2-1/2

[Event "Rostov Women GP"]
[Site "Rostov-on-Don RUS"]
[Date "2011.08.05"]
[Round "4"]
[White "Hou Yifan"]
[Black "Muzychuk,A"]
[Result "1-0"]
[WhiteElo "2575"]
[BlackElo "2538"]
[EventDate "2011.08.01"]

1. e4 e5 2. Nf3 Nc6 3. Bb5 a6 4. Ba4 Nf6 5. O-O Be7 6. Re1 b5 7. Bb3 O-O 8.
c3 d5 9. exd5 Nxd5 10. Nxe5 Nxe5 11. Rxe5 c6 12. d4 Bd6 13. Re1 Qh4 14. g3
Qh3 15. Qe2 Bg4 16. Qf1 Qh5 17. Nd2 Rae8 18. f3 Bh3 19. Qf2 f5 20. Rxe8
Rxe8 21. Nf1 f4 22. Bxf4 Bxf4 23. gxf4 Qg6+ 24. Ng3 h5 25. Re1 h4 26. Rxe8+
Qxe8 27. Qe2 Qf7 28. Nf1 Qg6+ 29. Kf2 Kf8 30. Bxd5 cxd5 31. Ne3 Qd6 32. Ng2
Bxg2 33. Kxg2 Qxf4 34. Qe5 Qd2+ 35. Kh3 Qxb2 36. Qd6+ Ke8 37. Qxa6 Ke7 38.
Qb7+ Kd6 39. Qb6+ Kd7 40. Qb7+ Kd6 41. Qxg7 Qxa2 42. Qe5+ Kc6 43. Qe8+ Kb6
44. Qb8+ Kc6 45. Qc8+ Kd6 46. Qc5+ Ke6 47. Qxb5 1-0

[Event "Rostov Women GP"]
[Site "Rostov-on-Don RUS"]
[Date "2011.08.05"]
[Round "4"]
[White "Ruan Lufei"]
[Black "Kovalevskaya,E"]
[Result "1/2-1/2"]
[WhiteElo "2479"]
[BlackElo "2427"]
[EventDate "2011.08.01"]

1. e4 c5 2. Nf3 Nc6 3. Bb5 d6 4. O-O Bd7 5. Re1 Nf6 6. c3 a6 7. Bxc6 Bxc6
8. d4 Bxe4 9. Bg5 Bd5 10. c4 Bxf3 11. Qxf3 cxd4 12. Qxb7 Qc8 13. Qf3 Nd7
14. Nd2 f6 15. Bh4 e5 16. Qd5 Be7 17. Ne4 Nb6 18. Nxd6+ Kd7 19. Qf7 Qg8 20.
f4 Qxf7 21. Nxf7 Rhc8 22. fxe5 Rxc4 23. exf6 Bxf6 24. Bxf6 gxf6 25. Rad1
Nd5 26. b3 Rb4 27. a3 Rxb3 28. Rxd4 Rb5 29. Rh4 Rab8 30. Rxh7 Rb1 31. Rxb1
Rxb1+ 32. Kf2 Ke6 33. Nd8+ Kd6 34. Rb7 Ra1 35. Rb3 Ke5 36. Nc6+ Kf4 37. Nb4
Nc7 38. Rc3 Nb5 39. Rf3+ Kg5 40. Nxa6 Rxa3 41. Rxa3 Nxa3 42. Nb4 Nc4 43.
Nd5 Ne5 44. h3 f5 45. g3 Ng6 46. Ke3 Ne5 47. Nf4 Nc4+ 48. Kd4 Nd2 49. Ke5
Nf3+ 50. Ke6 Nd2 51. h4+ Kg4 52. Nd5 Ne4 53. Ne3+ Kh5 54. Nxf5 Nxg3 55.
Nxg3+ 1/2-1/2

[Event "Rostov Women GP"]
[Site "Rostov-on-Don RUS"]
[Date "2011.08.05"]
[Round "4"]
[White "Koneru,H"]
[Black "Galliamova,A"]
[Result "1/2-1/2"]
[WhiteElo "2614"]
[BlackElo "2492"]
[EventDate "2011.08.01"]

1. d4 d5 2. c4 c6 3. Nf3 Nf6 4. e3 Bg4 5. cxd5 cxd5 6. Qb3 Qc7 7. Nc3 Bxf3
8. gxf3 e6 9. e4 Nc6 10. Be3 Be7 11. O-O-O O-O 12. Kb1 Na5 13. Qc2 Rfc8 14.
Bd3 g6 15. Bg5 Nc6 16. Be3 Nb4 17. Qb3 Nxd3 18. Rxd3 a6 19. Rc1 Qd8 20.
Qxb7 Rab8 21. Qa7 Ra8 22. Qb7 Rab8 23. Qa7 Ra8 24. Qb7 Rab8 25. Qa7 Ra8 26.
Qb7 1/2-1/2

[Event "Rostov Women GP"]
[Site "Rostov-on-Don RUS"]
[Date "2011.08.05"]
[Round "4"]
[White "Lahno,Kateri"]
[Black "Kosintseva,N"]
[Result "1-0"]
[WhiteElo "2536"]
[BlackElo "2560"]
[EventDate "2011.08.01"]

1. Nf3 d5 2. c4 e6 3. g3 Nf6 4. Bg2 Be7 5. d4 O-O 6. Qc2 c5 7. dxc5 d4 8.
b4 a5 9. Bb2 axb4 10. Nxd4 Bxc5 11. Nb3 Be7 12. O-O Qc7 13. N1d2 e5 14. c5
Be6 15. Rfc1 Rc8 16. Qd3 Nc6 17. Qb5 Bd5 18. Bh3 Rd8 19. Nc4 Rab8 20. Qb6
Qxb6 21. Nxb6 Bxb3 22. axb3 Nd4 23. Bxd4 Rxd4 24. e3 Rd3 25. Nc8 Bf8 26.
Rd1 Rxd1+ 27. Rxd1 g6 28. Rc1 Ne4 29. Nb6 Nxc5 30. Nd7 Nxd7 31. Bxd7 Ra8
32. Rc7 b6 33. Bb5 Bc5 34. Bc4 Rf8 35. g4 h6 36. h4 Kg7 37. g5 hxg5 38.
hxg5 Bd6 39. Rd7 Bc5 40. Kg2 b5 41. Bd5 Bb6 42. Rb7 Bd8 43. f4 exf4 44.
exf4 Ba5 45. Kg3 Bd8 46. Kg4 Ba5 47. f5 gxf5+ 48. Kxf5 Rd8 49. Bxf7 Rf8 50.
g6 Bd8 51. Rxb5 Rh8 52. Rxb4 Rh5+ 53. Ke6 Bc7 54. Rb7 Rc5 55. b4 Rc3 56. b5
Ba5 57. Rb8 Re3+ 58. Kd5 Bc7 59. Rg8+ Kf6 60. Re8 Rd3+ 61. Kc6 Rc3+ 62. Kb7
Bf4 63. b6 Rc1 64. Re6+ Kg7 65. Rc6 Ra1 66. Kc8 Ra8+ 67. Kd7 Rb8 68. Re6
Bg3 69. Kc6 Rc8+ 70. Kb5 Rc1 71. Re4 Bd6 72. b7 Rb1+ 73. Kc6 Bg3 74. Re3
Bf4 75. Rf3 Be5 76. Rf5 Bb8 77. Rb5 Rc1+ 78. Kd5 Rd1+ 79. Kc4 Rc1+ 80. Kd3
Rd1+ 81. Kc2 Rd7 82. Rb6 Re7 83. Kd3 Rd7+ 84. Kc4 Rc7+ 85. Kd4 Rd7+ 86. Bd5
Re7 87. Be4 Rd7+ 88. Ke3 Rc7 89. Re6 Kf8 90. Bc6 Kg7 91. Ke4 Kh6 92. Re8
Ba7 93. Kd5 Kxg6 94. Ra8 1-0